<?xml version="1.0" encoding="UTF-8"?>
<record
    xmlns:xsi="http://www.w3.org/2001/XMLSchema-instance"
    xsi:schemaLocation="http://www.loc.gov/MARC21/slim http://www.loc.gov/standards/marcxml/schema/MARC21slim.xsd"
    xmlns="http://www.loc.gov/MARC21/slim">

  <leader>02244cam a22003018i 4500</leader>
  <controlfield tag="001">21720219</controlfield>
  <controlfield tag="005">20230717112732.0</controlfield>
  <controlfield tag="008">200916s2021    enk      b    001 0 eng  </controlfield>
  <datafield tag="010" ind1=" " ind2=" ">
    <subfield code="a">  2020041185</subfield>
  </datafield>
  <datafield tag="020" ind1=" " ind2=" ">
    <subfield code="a">9780367198374</subfield>
  </datafield>
  <datafield tag="020" ind1=" " ind2=" ">
    <subfield code="z">9780429243578</subfield>
  </datafield>
  <datafield tag="040" ind1=" " ind2=" ">
    <subfield code="a">DLC</subfield>
    <subfield code="b">eng</subfield>
    <subfield code="e">rda</subfield>
    <subfield code="c">DLC</subfield>
  </datafield>
  <datafield tag="042" ind1=" " ind2=" ">
    <subfield code="a">pcc</subfield>
  </datafield>
  <datafield tag="050" ind1="0" ind2="0">
    <subfield code="a">HQ 1163 .R68 2021</subfield>
  </datafield>
  <datafield tag="082" ind1="0" ind2="0">
    <subfield code="a">305.48/896</subfield>
    <subfield code="2">23</subfield>
  </datafield>
  <datafield tag="245" ind1="0" ind2="4">
    <subfield code="a">The Routledge companion to Black women's cultural histories /</subfield>
    <subfield code="c">Janell Hobson.</subfield>
  </datafield>
  <datafield tag="263" ind1=" " ind2=" ">
    <subfield code="a">2103</subfield>
  </datafield>
  <datafield tag="300" ind1=" " ind2=" ">
    <subfield code="a">pages cm</subfield>
  </datafield>
  <datafield tag="504" ind1=" " ind2=" ">
    <subfield code="a">Includes bibliographical references and index.</subfield>
  </datafield>
  <datafield tag="520" ind1=" " ind2=" ">
    <subfield code="a">"In the social and cultural histories of women and feminism, Black women have long been overlooked or ignored. The Routledge Companion to Black Women's Cultural Histories is an impressive and comprehensive reference work for contemporary scholarship on the cultural histories of Black women across the diaspora spanning different eras from ancient times into the twenty-first century. Comprising over thirty chapters by a team of international contributors, the Companion is divided into five parts: A Fragmented Past, An Inclusive Future Contested Histories, Subversive Memories  Gendered Lives, Racial Frameworks Cultural Shifts, Social Change, Black Identities, Feminist Formations Within these sections a diverse range of women, places and issues are explored including: The Queen of Sheba, Black Women in Early Modern European Art and Culture, Enslaved Muslim Women in the Antebellum United States, Sally Hemings, and Phillis Wheatley, Black women writers in Early 20th Century Paris, Black women, Civil Rights, South African Apartheid, and sexual violence and resistance in the United States in recent history. The Routledge Companion to Black Women's Cultural Histories is essential reading for students and researchers in Gender Studies, History, Africana Studies and Cultural Studies"--</subfield>
  </datafield>
  <datafield tag="650" ind1=" " ind2="0">
    <subfield code="a">Women, Black</subfield>
    <subfield code="x">History.</subfield>
  </datafield>
  <datafield tag="650" ind1=" " ind2="0">
    <subfield code="a">Women, Black</subfield>
    <subfield code="x">Social conditions.</subfield>
  </datafield>
  <datafield tag="650" ind1=" " ind2="0">
    <subfield code="a">Women, Black</subfield>
    <subfield code="x">Social life and customs.</subfield>
  </datafield>
  <datafield tag="700" ind1="1" ind2=" ">
    <subfield code="a">Hobson, Janell,</subfield>
    <subfield code="d">1973-</subfield>
    <subfield code="e">editor.</subfield>
  </datafield>
  <datafield tag="906" ind1=" " ind2=" ">
    <subfield code="a">7</subfield>
    <subfield code="b">cbc</subfield>
    <subfield code="c">orignew</subfield>
    <subfield code="d">1</subfield>
    <subfield code="e">ecip</subfield>
    <subfield code="f">20</subfield>
    <subfield code="g">y-gencatlg</subfield>
  </datafield>
  <datafield tag="942" ind1=" " ind2=" ">
    <subfield code="2">lcc</subfield>
    <subfield code="c">BOOKS</subfield>
    <subfield code="h">HQ 1163 .R68 2021</subfield>
  </datafield>
  <datafield tag="999" ind1=" " ind2=" ">
    <subfield code="c">31684</subfield>
    <subfield code="d">31684</subfield>
  </datafield>
  <datafield tag="952" ind1=" " ind2=" ">
    <subfield code="0">0</subfield>
    <subfield code="1">0</subfield>
    <subfield code="2">lcc</subfield>
    <subfield code="4">0</subfield>
    <subfield code="7">0</subfield>
    <subfield code="a">MUC</subfield>
    <subfield code="b">MUC</subfield>
    <subfield code="c">GEN</subfield>
    <subfield code="d">2023-07-17</subfield>
    <subfield code="e">Donation(falcon books)</subfield>
    <subfield code="l">0</subfield>
    <subfield code="o">HQ 1163 .R68 2021</subfield>
    <subfield code="p">39438</subfield>
    <subfield code="r">2023-07-03</subfield>
    <subfield code="w">2023-07-17</subfield>
    <subfield code="y">BOOKS</subfield>
  </datafield>
</record>
